000 01054 a2200241 4500
005 20080911105830.0
008 080911t xxu||||| |||| 00| 0hin d
010 _aHIN-79599
020 _a8188081450
_c130.00
035 _aHN-51945
037 _bD.B.Act / pub
082 _a821
100 _aगर्ग, पुष्पारानी
245 _aअहल्या का रामदर्शन
_cपुष्पारानी गर्ग
246 _aAhalya ka Ran-Darshan
_bby Pushpa Rani Garg
260 _aदिल्ली
_bदिशा प्रकाशन
_c2007
270 _a138/16, त्रिनगर
_bदिल्ली
_e110035
300 _a120पृ
_c22 सेमी (सजिल्द)
650 _aहिन्दी कविताएँ
650 _aHindi poems
942 _adpl
_cHN
_k821/ गर्गपु
_2ddc
_h821
_mगर्गपु
999 _c3076
_d3076